Central Library OPAC University of Rajshahi

Functional analysis with applications / (Record no. 54001)

MARC details
000 -LEADER
fixed length control field 00677nam a2200229 a 4500
001 - CONTROL NUMBER
control field 54001
003 - CONTROL NUMBER IDENTIFIER
rucl marc code BD-RjUL
005 - DATE AND TIME OF LATEST TRANSACTION
control field 20211209080046.0
008 - FIXED-LENGTH DATA ELEMENTS--GENERAL INFORMATION
fixed length control field 161031s1989 ii 000 0 eng d
020 ## - INTERNATIONAL STANDARD BOOK NUMBER
International Standard Book Number 0074519204
035 ## - SYSTEM CONTROL NUMBER
System control number (BD-RjUL)54123
040 ## - CATALOGING SOURCE
Original cataloging agency UkOxU
Language of cataloging eng
Transcribing agency UkOxU
Modifying agency BD-RjUL
041 ## - LANGUAGE CODE
Language code of text/sound track or separate title eng
082 ## - DEWEY DECIMAL CLASSIFICATION NUMBER
Edition number 23
Classification number 515.7
Author mark and year SIF 1989
100 1# - MAIN ENTRY--PERSONAL NAME
Personal name Siddiqi, A. H.
9 (RLIN) 161259
245 10 - TITLE STATEMENT
Title Functional analysis with applications /
Statement of responsibility, etc. A.H. Siddiqi
260 ## - PUBLICATION, DISTRIBUTION, ETC. (IMPRINT)
Place of publication, distribution, etc. New Delhi :
Name of publisher, distributor, etc. Tata McGraw-Hill,
Date of publication, distribution, etc. c1986 [ Reprint 1989]
300 ## - PHYSICAL DESCRIPTION
Pagination xv, 308 p. ;
Size 24 cm
504 ## - BIBLIOGRAPHY, ETC. NOTE
Bibliography, etc Includes Bibliographical References and Index
650 #0 - SUBJECT ADDED ENTRY--TOPICAL TERM
Topical term or geographic name as entry element Functional analysis
9 (RLIN) 161260
942 ## - ADDED ENTRY ELEMENTS (KOHA)
Source of classification or shelving scheme Dewey Decimal Classification
Koha item type Books
Holdings
Lost status Source of classification or shelving scheme Damaged status Not for loan Collection code Permanent Location Current Location Shelving location Date acquired Source of acquisition Total Checkouts Full call number Date last seen Copy number Koha item type
  Dewey Decimal Classification     Non-fiction Central Library, University of Rajshahi Central Library, University of Rajshahi   02/09/2008 Authority, R.U.C.L   515.7 SIF 1989 31/10/2016 C-2 Books